| 000 | 00548pab a2200193 454500 | ||
|---|---|---|---|
| 008 | 180718b2007 xxu||||| |||| 00| 0 eng d | ||
| 100 | _aSundari, S. | ||
| 245 | _aQuality of life of migrant households in select slums of Tamil Nadu | ||
| 260 | _c2007 | ||
| 300 | _ap.215-54. | ||
| 362 | _aApr | ||
| 650 | _aSlums - India - Tamil Nadu | ||
| 650 | _aHouseholds - India - Tamil Nadu | ||
| 650 | _aQuality of life - India - Tamil Nadu | ||
| 650 | _aQuality of life | ||
| 773 | _aIndian Journal of Social Work | ||
| 908 | _aN | ||
| 909 | _a81381 | ||
| 999 |
_c81381 _d81381 |
||